| 000 | 00810cab a2200217 4500 | ||
|---|---|---|---|
| 001 | ABS41451 | ||
| 008 | 090401t1989 xxu||||| |||| 00| 0 eng d | ||
| 035 | _a(Sirsi) u30250 | ||
| 041 | _aeng | ||
| 100 | _aFerguson, A. | ||
| 245 | _aMaximising the mouse | ||
| 260 | _c1989 | ||
| 350 | _a0 | ||
| 490 |
_aManagement Today _vSeptember 1989, 57-62(4) |
||
| 520 | _aEuro Disneyland is to be floated on the Paris stock exchange and investors will be able to buy shares. This article looks at the "Disney philosophy", the expectations for the £2bn theme park to be built near Paris , and the differences between this and other Disney theme parks in the US and Japan. | ||
| 650 | _aDISNEYLAND | ||
| 650 | _aLEISURE DEVELOPMENT | ||
| 690 | _aPROPERTY LAW AND PRACTICE | ||
| 942 | _n0 | ||
| 948 | _c04/03/1997 | ||
| 999 |
_c20382 _d20382 |
||